01280nam a2200241 a 4500001001000000005001700010008004100027020001800068041001300086050002600099245021100125260010900336300004200445500011900487500017600606546003600782650005100818650004400869651006200913700001900975700002000994700002401014BRCA_840620190320210251.0070415s2013----mx-a######---#000-0#spa-# a9786079255084 aspaheng 4aHE6183.E97b.M49 201310aMéxico exportab1975-1993 : diseño postal y comercio internacionalccoordinación del catálogo, Jimena Acosta y Emiliano Godoy ; textos, Jimena Acosta ... [et al.] ; traducción, Alistair McCreadie. aOaxaca, Oax., MéxicobMuseo de Filatelia de Oaxaca : Dirección General de Promoción Culturalc2013 a217 p.bil. (algunas a color)c24 cm. aCatálogo de la exposición realizada en el Museo de Filatelia de Oaxaca, México, 15 nov., 2013-20 enero, 2014 aUn proyecto del Museo de Filatelia de Oaxaca, MUFI en conjunto con el Centro de Diseño de Oaxaca, en coordinación con el Taller de Impresión de Estampillas y Valores aTexto en : español e inglés14aExportación de sellos postalesvExposiciones14aSellos postalesvExposicioneszMéxico 4aMéxicovExposicionesxComercio - En los sellos postales1 aAcosta, Jimena1 aGodoy, Emiliano1 aMcCreadie, Alistair